Manual de catalogación descriptiva /

Contiene: Estructura de la ficha catalográfica; Area del título y de la mención de responsabilidad; Area de la edición; Area de publicación, distribución, etc.; Lugar de publicación, distribución, etc.; Fecha de publicación, distribución, etc.; Lugar de impresión, nombre del impresor, fecha de impre...

Ful tanımlama

Kaydedildi:
Detaylı Bibliyografya
Yazar: Escamilla González, Gloria (autor)
Materyal Türü: Kitap
Dil:İspanyolca
Baskı/Yayın Bilgisi: México : UNAM, Instituto de Investigaciones Bibliográficas, 1988, c1988
Konular:
Etiketler: Etiketle
Etiket eklenmemiş, İlk siz ekleyin!

MARC

LEADER 00000nam^a2200000^a^4500
001 000190981
005 20250526000000.0
009 20260310102510.196
020 |a 968-837-233-1 
037 |a Acervo ITESO - Biblioteca 
041 |a ESP 
082 |a 025. 32  |b ESC 
100 |a Escamilla González, Gloria  |e (autor) 
245 1 0 |a Manual de catalogación descriptiva /  |c G. Escamilla González. 
264 4 |a México :  |b UNAM, Instituto de Investigaciones Bibliográficas,  |c 1988, c1988 
300 |a 401 p. ;  |c 22.0 cm. 
336 |a texto  |b txt  |2 rdacontenido 
337 |a sin mediación  |b n  |2 rdamedio 
338 |a volumen  |b nc  |2 rdasoporte 
520 |a Contiene: Estructura de la ficha catalográfica; Area del título y de la mención de responsabilidad; Area de la edición; Area de publicación, distribución, etc.; Lugar de publicación, distribución, etc.; Fecha de publicación, distribución, etc.; Lugar de impresión, nombre del impresor, fecha de impresión; Area de la descripción física; Area de la serie; Area de las notas; Número estándar internacional del libro y términos de disponibilidad; Materiales suplementarios; Obras formadas por diversos tipos de materiales; Facsimiles, fotocopias y otras reproducciones. 
649 |a XX 
650 |a Bibliotecas -  |x Clasificación 
650 |a Catalogación Descriptiva -  |x Tema Principal 
650 |a Catalogación -  |x Tema Principal 
650 |a Biblioteconomía 
910 |a Fondo General 
920 |a Impresos - Libros 
930 |a Libros Antiguos y Raros 
940 |a Biblioteconomía 
905 |a 108 
901 |a 0500134745  |b IT2  |c LRA  |u 20250526 
902 |a https://opac.biblio.iteso.mx/vufind/Record/000190981